| 000 | 00328nam a2200109 4500 | ||
|---|---|---|---|
| 999 |
_c12241 _d12241 |
||
| 008 | 190118b ||||| |||| 00| 0 eng d | ||
| 245 | _aNew phase of globalization could worsen CO2 pollution- study. | ||
| 260 |
_aPhilippines _bManila Bulletin _cc2018 |
||
| 300 | _apage B-3. | ||
| 650 | 0 |
_934626 _aClimate change. |
|
| 942 |
_2ddc _cPER |
||